The world's dumbest criminals : (Record no. 3035)

MARC details
000 -LEADER
fixed length control field 01228cam a2200289 a 4500
001 - CONTROL NUMBER
control field 3035
003 - CONTROL NUMBER IDENTIFIER
control field FISKH
005 - DATE AND TIME OF LATEST TRANSACTION
control field 20240131143322.0
008 - FIXED-LENGTH DATA ELEMENTS--GENERAL INFORMATION
fixed length control field 970717s1997 tnua 000 0 eng
010 ## - LIBRARY OF CONGRESS CONTROL NUMBER
LC control number 97030695
020 ## - INTERNATIONAL STANDARD BOOK NUMBER
International Standard Book Number 1558535411
040 ## - CATALOGING SOURCE
Original cataloging agency DLC
Transcribing agency DLC
Modifying agency DLC
Language of cataloging eng
050 00 - LIBRARY OF CONGRESS CALL NUMBER
Classification number HV6251
Item number .B87 1997
082 00 - DEWEY DECIMAL CLASSIFICATION NUMBER
Classification number 364.1/092/273
Edition number 21
100 1# - MAIN ENTRY--PERSONAL NAME
Personal name Butler, Daniel R.,
Dates associated with a name 1951-
245 14 - TITLE STATEMENT
Title The world's dumbest criminals :
Remainder of title based on true stories from law enforcement officials around the world /
Statement of responsibility, etc. Daniel Butler and Alan Ray ; illustrations by Mike Harris.
250 ## - EDITION STATEMENT
Edition statement First Scholastic printing, September 1998
260 ## - PUBLICATION, DISTRIBUTION, ETC.
Place of publication, distribution, etc. New York :
Name of publisher, distributor, etc. Scholastic,
Date of publication, distribution, etc. 1997
300 ## - PHYSICAL DESCRIPTION
Extent 1833 pages :
Other physical details illustrations ;
Dimensions 18 cm
520 ## - SUMMARY, ETC.
Summary, etc. First came the New York Times bestseller America's Dumbest Criminals, then there were more amazing tales of stupid but true crimes in Wanted! Dumb or Alive. In this book, hilarious criminal cluelessness is uncovered on every continent in one hundred new stories.
650 #0 - SUBJECT ADDED ENTRY--TOPICAL TERM
Topical term or geographic name entry element Crime
General subdivision Case studies.
650 #0 - SUBJECT ADDED ENTRY--TOPICAL TERM
Topical term or geographic name entry element Criminals
General subdivision Case studies.
650 #0 - SUBJECT ADDED ENTRY--TOPICAL TERM
Topical term or geographic name entry element Crime
General subdivision Humor.
700 1# - ADDED ENTRY--PERSONAL NAME
Personal name Ray, Alan.
Relator term illustrator
906 ## - LOCAL DATA ELEMENT F, LDF (RLIN)
a 7
b cbc
c orignew
d 1
e ocip
f 19
g y-gencatlg
942 ## - ADDED ENTRY ELEMENTS (KOHA)
Source of classification or shelving scheme Dewey Decimal Classification
Koha item type Books
Suppress in OPAC No
Holdings
Withdrawn status Lost status Source of classification or shelving scheme Damaged status Not for loan Collection Home library Current library Shelving location Date acquired Total Checkouts Full call number Barcode Date last seen Price effective from Koha item type
    Dewey Decimal Classification     Non-Fiction Footprints International School Library Network Toul Kork Campus Footprints International School Library Network Toul Kork Campus   01/31/2024   BUT 364.1 HV6251.B87 FISSE00356 01/31/2024 01/31/2024 Books